Языковая биография немецких диалектоносителей с. Кожевниково Томской области; Вестник Красноярского государственного педагогического университета им. В. П. Астафьева; № 2 (19)
| Parent link: | Вестник Красноярского государственного педагогического университета им. В. П. Астафьева/ Красноярский государственный педагогический университет им. В. П. Астафьева (КГПУ).— , 2006- № 2 (19).— 2011.— [С. 125-130] |
|---|---|
| Auteur principal: | |
| Résumé: | Заглавие с экрана Статья содержит результаты исследования, которое заключалось в анализе собранных во время полевых практик метаязыковых данных и моделировании пережитой истории развития языка / языков "средней" возрастной группы немецких диалектоносителей из с. Кожевниково Томской области. Даётся пояснение нового для отечественной лингвистики термина "языковая биография", и обозначается актуальность осуществляемого исследования для научных работ, выполняемых на материале миноритарных языков Режим доступа: по договору с организацией-держателем ресурса |
| Langue: | russe |
| Publié: |
2011
|
| Sujets: | |
| Accès en ligne: | http://elibrary.ru/item.asp?id=17272125 |
| Format: | MixedMaterials Électronique Chapitre de livre |
| KOHA link: | https://koha.lib.tpu.ru/cgi-bin/koha/opac-detail.pl?biblionumber=636528 |
MARC
| LEADER | 00000nla0a2200000 4500 | ||
|---|---|---|---|
| 001 | 636528 | ||
| 005 | 20250328105705.0 | ||
| 035 | |a (RuTPU)RU\TPU\network\537 | ||
| 090 | |a 636528 | ||
| 100 | |a 20140211d2011 k||y0rusy50 ca | ||
| 101 | 0 | |a rus | |
| 102 | |a RU | ||
| 135 | |a drnn ---uucaa | ||
| 181 | 0 | |a i | |
| 182 | 0 | |a b | |
| 200 | 1 | |a Языковая биография немецких диалектоносителей с. Кожевниково Томской области |f О. А. Александров | |
| 203 | |a Текст |c электронный | ||
| 300 | |a Заглавие с экрана | ||
| 320 | |a [Библиогр.: с. 213 (14 назв.)] | ||
| 330 | |a Статья содержит результаты исследования, которое заключалось в анализе собранных во время полевых практик метаязыковых данных и моделировании пережитой истории развития языка / языков "средней" возрастной группы немецких диалектоносителей из с. Кожевниково Томской области. Даётся пояснение нового для отечественной лингвистики термина "языковая биография", и обозначается актуальность осуществляемого исследования для научных работ, выполняемых на материале миноритарных языков | ||
| 333 | |a Режим доступа: по договору с организацией-держателем ресурса | ||
| 461 | |t Вестник Красноярского государственного педагогического университета им. В. П. Астафьева |f Красноярский государственный педагогический университет им. В. П. Астафьева (КГПУ) |d 2006- | ||
| 463 | |t № 2 (19) |v [С. 125-130] |d 2011 | ||
| 610 | 1 | |a электронный ресурс | |
| 610 | 1 | |a труды учёных ТПУ | |
| 610 | 1 | |a немецкий язык | |
| 610 | 1 | |a российские немцы | |
| 610 | 1 | |a диалекты | |
| 610 | 1 | |a лингвистика | |
| 610 | 1 | |a метатексты | |
| 700 | 1 | |a Александров |b О. А. |c лингвист |c доцент Томского политехнического университета, кандидат филологических наук |f 1979- |g Олег Анатольевич |3 (RuTPU)RU\TPU\pers\24739 | |
| 801 | 2 | |a RU |b 63413507 |c 20140211 |g RCR | |
| 856 | 4 | |u http://elibrary.ru/item.asp?id=17272125 | |
| 942 | |c CF | ||